Which Britney Spears album is it? - Statistics

General Stats
  • This quiz has been taken 518 times
  • The average score is 9 of 13
Answer Stats
Hint Answer % Correct
E-Mail My Heart Baby One More Time
96%
Cinderella Britney
95%
Lace & Leather Circus
90%
The Hook Up In The Zone
85%
Big Fat Bass Femme Fatale
83%
Everybody Blackout
82%
Body Ache Britney Jean
82%
Heart Oops I Did It Again
82%
My Prerogative Greatest Hits
60%
3 The Singles Collection
41%
Mona Lisa Chaotic
39%
And Then We Kiss B in the mix
34%
Pretty Girls B9
13%
No matching quizzes found
Score Distribution
Percent of People with Each Score
Percentile by Number Answered
Your Score History
You have not taken this quiz